LEADER 01320nam a2200325 i 4500 001 000000149395 003 CaOOAMICUS 005 20190313140520.0 008 060331s1998 it u000 u ita u 013 $a126715 020 $a88-16-40479-5 040 $aSeMil$bita 100 1 $aZhok, Andrea.$0(OLS)http://semarc/name/59010 245 10$aFenomenologia e genealogia della verità /$cAndrea Zhok. 260 $aMilano :$bJaca Book,$c1998. 300 $a319 p. ;$c23 cm. 490 0 $aLo spoglio dell'Occidente ;$v10. 490 0 $aDi fronte e attraverso ;$v479 650 4$aLogica - Filosofia.$0(OLS)http://semarc/subject/2012 650 4$aCosmologia.$0(OLS)http://semarc/subject/1855 650 4$aVerità - Filosofia.$0(OLS)http://semarc/subject/3000 830 3$aLo spoglio dell'Occidente ;$v10.$0(OLS)http://semarc/title/5955 830 0$aDi fronte e attraverso ;$v479.$0(OLS)http://semarc/title/6486 850 $aSeMil 852 $aSeMil$W1$xVenegono$y1$m2P V 547$j101657$B101657$CSeMilBibl$Z2$F110789 $81 961 $aOmaggio: Altro 996 $6020$a88-16-40479-5$9(OLS)http://semarc/number/138521 996 $6245$aFenomenologia e genealogia della verità$9(OLS)http://semarc/title/218402 996 $6260$aMilano :$bJaca Book$9(OLS)http://semarc/publisher/29781 LEADER 00723nab a2200181 i 4500 001 000000337095 003 CaOOAMICUS 005 20191011143646.0 008 191011t2018 rm tr p u0 a0mul r 013 $a48903 040 $aSeMil$bita 245 10$aKonfessionsverbindende Ehen =$bInterconfessional Marriages /$cedited by = herausgegeben von Aurel Pavel & Stefan Tobler. 513 $aDecember 2018. 700 1 $aPavel, Aurel.$0(OLS)http://semarc/name/110292 700 1 $aTobler, Stefan $b<1959- >.$0(OLS)http://semarc/name/67459 773 0 $t[2018].$dSibiu : Andreiana, 2018.$gIssue 3$w()336911 996 $6245$aKonfessionsverbindende Ehen =$bInterconfessional Marriages$9(OLS)http://semarc/title/426131